| 000 | 01184nam2a22002531 4500 | ||
|---|---|---|---|
| 001 | RU\NLR\INFOCOMM15\1000092286 | ||
| 005 | 20260607114040.0 | ||
| 035 | _a(NLR Aleph) 002453111 | ||
| 090 |
_a13724712 _c13724712 |
||
| 100 | _a20040315f19502003|||y0rusy50 ca | ||
| 101 | 0 | _arus | |
| 102 | _aAZ | ||
| 105 | _ay ||||||||| | ||
| 200 | 1 |
_aНекоторые тенденции производства и потребления основных нефтехимических продуктов за рубежом _fЛ.В. Филиппова |
|
| 210 | _dБ.г. | ||
| 461 | 0 |
_1001RU\NLR\INFOCOMM15\1000092270 _12001#$aТематический обзор$fАкад. наук Азербайдж. ССР. Ордена Трудового Красного Знамени Ин-т нефтехим. процессов им. акад. Ю.Г.Мамедалиева. Лаборатория науч.-техн. информации и патентных исследований$v№18 |
|
| 700 | 1 |
_aФилиппова _bЛ. В. _4070 |
|
| 801 | 0 |
_aRU _bNLR _gPSBO |
|
| 801 | 1 |
_aRU _bInfoComm _c20040315 |
|
| 852 |
_aNLR _jП51/626 |
||
| 942 | _cISSUE | ||
| 980 | _aRUSPER | ||
| 980 | _aNB | ||